ISGOTT : International safety guide for oil tankers and terminals (Record no. 11974)

000 -LEADER
fixed length control field 00402nam a22001457a 4500
008 - FIXED-LENGTH DATA ELEMENTS--GENERAL INFORMATION
fixed length control field 210908b 2020 ||||| |||| 00| 0 eng d
020 ## - INTERNATIONAL STANDARD BOOK NUMBER
International Standard Book Number 9781856099189
082 ## - DEWEY DECIMAL CLASSIFICATION NUMBER
Classification number 623.8245
Item number OCI
110 ## - MAIN ENTRY--CORPORATE NAME
Corporate name or jurisdiction name as entry element OCIMF
245 ## - TITLE STATEMENT
Title ISGOTT : International safety guide for oil tankers and terminals
250 ## - EDITION STATEMENT
Edition statement 6th ed.
260 ## - PUBLICATION, DISTRIBUTION, ETC. (IMPRINT)
Place of publication, distribution, etc UK
Name of publisher, distributor, etc Witherby Publishing Group Ltd.
Date of publication, distribution, etc 2020
300 ## - PHYSICAL DESCRIPTION
Extent xli,424p.
942 ## - ADDED ENTRY ELEMENTS (KOHA)
Item type Books
Holdings
Withdrawn status Lost status Source of classification or shelving scheme Damaged status Not for loan Collection code Permanent location Current location Shelving location Date acquired Full call number Barcode Date last seen Koha item type Public note
          Non-fiction IMU-MPC Library IMU-MPC Library Reference 2021-09-08 623.8245 OCI MPC6424 2025-03-17 Books Column - 1
Copyright © 2021 Indian Maritime University, Mumbai Port Campus. All Rights Reserved. Managed & Maintained by Central Library, IMU-Mumbai

webs counters

Powered by Koha